Outer Wilds - Statistics

General Stats
  • This quiz has been taken 330 times
  • The average score is 11 of 13
Answer Stats
Answer % Correct
Ash Twin
95%
Giant's Deep
91%
Dark Bramble
90%
Ember Twin
90%
Timber Hearth
90%
Brittle Hollow
88%
Sun Station
88%
The Attlerock
82%
Quantum Moon
81%
Hollow's Lantern
77%
The Interloper
75%
Orbital Probe Cannon
65%
White Hole Station
56%
No matching quizzes found
Score Distribution
Percent of People with Each Score
Percentile by Number Answered
Your Score History
You have not taken this quiz